Santos de España por imagen - Estadísticas

Estadísticas generales
  • Esta prueba ha sido intentada 106 veces
  • La puntuación promedio es 4 de 15
Estadísticas de respuestas
Imagen Respuesta % Correcto
Teresa de Jesús
76%
Josemaría Escrivá de Balaguer
72%
Ignacio de Loyola
48%
Fernando III de Castilla
39%
Juan de la Cruz
38%
Francisco Javier
36%
Isidoro de Sevilla
34%
Domingo de Guzmán
29%
Pedro Claver
12%
Vicente Ferrer
12%
Lorenzo de Roma
10%
Pedro de Alcántara
10%
Junípero Serra
9%
José de Calasanz
8%
Juan de Ávila
8%
No se encontraron pruebas coincidentes
Distribución de puntuación
Porcentaje de gente con cada puntuación
Porcentaje por número respondido
Historial de tus puntuaciones
No has intentado esta prueba.